000 00781nam a22002537a 4500
001 5289
003 FISKH
005 20250602101806.0
008 241125b cb ||||| |||| 00| 0 eng d
020 _a9780516263489
040 _aFISKH
_beng
_cFISKH
_dFISKH
050 _aE185.M36
082 _a978.00496073
100 _aMcGowen, Tom
_d(1927–2015)
245 _aAfrican-Americans in the old west /
_cTom McGowen
250 _a1998
260 _aCanada :
_bChildren,
_c1998.
300 _a30 pages :
_bColor illustrations ;
_c24 cm
520 _aDescribes the important role of freed slaves and other African-Americans in the settlement of the West.
650 _2Non-fiction
_aAfrican American
650 _2Social studies
_aJuvenile
942 _2ddc
_cBK
_n0
999 _c5289
_d5289